000 00716cam a22002413a 4500
001 29667
003 PGUSA
005 20140828083636.0
008 090811s2009||||xxu|||||s|||||000 1 eng d
040 _aPGUSA
_beng
042 _adc
050 4 _aPS
050 4 _aPZ
100 1 _aEllis, Edward Sylvester,
_d1840-1916
245 1 0 _aAdrift on the Pacific :
_bA Boys [sic] Story of the Sea and its Perils
_h[electronic resource] /
_cEdward Sylvester Ellis
260 _bProject Gutenberg,
_c2009
506 _aPublic domain in the USA.
516 _aElectronic text
653 _aPacific Ocean -- Fiction
830 0 _aProject Gutenberg
_v29667
856 4 0 _uhttp://www.gutenberg.org/ebooks/29667
942 _cEB
999 _c258922
_d258922